Autobusová stanica

Gespeichert in:
Bibliographische Detailangaben
1. Verfasser: Šlepecký, Peter (Verfasst von)
Weitere Verfasser: Pernišová, Alena (Betreuung Doktorarbeit)
Format: Manuskript Buch
Sprache:Slowakisch
Veröffentlicht: 2015
Schlagworte:
Online-Zugang:http://is.stuba.sk/zp/portal_zp.pl?podrobnosti=110573
https://opac.crzp.sk/?fn=detailBiblioForm&sid=78283B71680DBAF21C45D41D22D4
Tags: Tag hinzufügen
Keine Tags, Fügen Sie das erste Tag hinzu!

MARC

LEADER 00000ntm a22000003a 4500
001 stuzp50958
003 SK-STU
005 20231113162102.9
007 ta
008 150427s2015----xo-----f-mn---000-0-slo-d
040 |a STU  |b slo 
041 0 |a slo 
100 1 |a Šlepecký, Peter  |u 010180  |4 aut  |U SvF Stavebná fakulta  |T SvF Katedra konštrukcií pozemných stavieb  |X 67636  |U V180  |Y 18  |7 A000067636 
242 0 1 |a Bus station  |y eng 
245 1 0 |a Autobusová stanica 
260 |c 2015 
650 4 |a autobusová stanica  |2 slo 
650 4 |a obluk  |2 slo 
650 4 |a polyfunkčná budova  |2 slo 
650 4 |a bus station  |2 eng 
650 4 |a arch  |2 eng 
650 4 |a polyfunction  |2 eng 
700 1 |a Pernišová, Alena  |4 ths  |X 751  |7 A000000751 
856 4 |u http://is.stuba.sk/zp/portal_zp.pl?podrobnosti=110573 
856 4 |u https://opac.crzp.sk/?fn=detailBiblioForm&sid=78283B71680DBAF21C45D41D22D4 
SQL |a stuzp50958  |b DDP  |c SLO  |d Autobusová stanica  |e 67636  |f Šlepecký, Peter  |g 010180  |h 751  |i Pernišová, Alena  |j 20150618  |k 8  |l 01  |m http://is.stuba.sk/zp/portal_zp.pl?podrobnosti=110573  |n I-AKP  |o 5.1.4. pozemné stavby